000 00525nam a2200169 a 4500
001 000047769
005 20201002060727.0
008 180807s2018 dr a 000 spa d
020 _a9789945125078
040 _aDO-SdBNP
_bspa
_cBNPHU
082 _axxx
_bM717l
100 1 _aMolina Martínez, Delkis
_974944
245 0 _aLengua española 4 :. :
_bnivel secundario /
_cDelkis Molina Martínez.
260 _aSanto Domingo :
_bSusaeta ediciones,
_c2018.
300 _a272 p. :
_bil ;
_c30 cm.
590 _aInventariado, 2018 / DG
999 _c47257
_d47257